Lectures on Calvinism / (Record no. 4851)
[ view plain ]
| 000 -LEADER | |
|---|---|
| fixed length control field | 01193cam a2200349Ia 4500 |
| 001 - CONTROL NUMBER | |
| control field | 53418418 |
| 003 - CONTROL NUMBER IDENTIFIER | |
| control field | OSt |
| 005 - DATE AND TIME OF LATEST TRANSACTION | |
| control field | 20181217112559.0 |
| 008 - FIXED-LENGTH DATA ELEMENTS--GENERAL INFORMATION | |
| fixed length control field | r20021r20021931miu b 000 0 eng d |
| 010 ## - LIBRARY OF CONGRESS CONTROL NUMBER | |
| LC control number | 03015183 |
| 020 ## - INTERNATIONAL STANDARD BOOK NUMBER | |
| International Standard Book Number | 080281607X |
| 035 ## - SYSTEM CONTROL NUMBER | |
| System control number | tcgc312780 |
| 040 ## - CATALOGING SOURCE | |
| Original cataloging agency | GZD |
| Transcribing agency | GZD |
| Modifying agency | LTS |
| 050 #4 - LIBRARY OF CONGRESS CALL NUMBER | |
| Classification number | BX9422 |
| Item number | .K8 1999 |
| 082 ## - DEWEY DECIMAL CLASSIFICATION NUMBER | |
| Classification number | 230.4 |
| Item number | K97L |
| 090 ## - LOCALLY ASSIGNED LC-TYPE CALL NUMBER (OCLC); LOCAL CALL NUMBER (RLIN) | |
| Classification number (OCLC) (R) ; Classification number, CALL (RLIN) (NR) | BX9422 |
| Local cutter number (OCLC) ; Book number/undivided call number, CALL (RLIN) | .K8 2002 |
| 100 1# - MAIN ENTRY--PERSONAL NAME | |
| Personal name | Kuyper, Abraham, |
| Dates associated with a name | 1837-1920. |
| 245 10 - TITLE STATEMENT | |
| Title | Lectures on Calvinism / |
| Statement of responsibility, etc. | by Abraham Kuyper. |
| 260 ## - PUBLICATION, DISTRIBUTION, ETC. | |
| Place of publication, distribution, etc. | Grand Rapids, Mich. : |
| Name of publisher, distributor, etc. | Eerdmans, |
| Date of publication, distribution, etc. | 2002. |
| 300 ## - PHYSICAL DESCRIPTION | |
| Extent | 199 p. ; |
| Dimensions | 20 cm. |
| 500 ## - GENERAL NOTE | |
| General note | "Six lectures delivered at Princeton University under auspices of the L.P. Stone Foundation." |
| 500 ## - GENERAL NOTE | |
| General note | Reprint of the 1931 ed. |
| 504 ## - BIBLIOGRAPHY, ETC. NOTE | |
| Bibliography, etc. note | Includes bibliographical references. |
| 505 0# - FORMATTED CONTENTS NOTE | |
| Formatted contents note | Calvinism a life-system -- Calvinism and religion -- Calvinism and politics -- Calvinism and science -- Calvinism and art -- Calvinism and the future |
| 600 10 - SUBJECT ADDED ENTRY--PERSONAL NAME | |
| Personal name | Calvin, Jean, |
| Dates associated with a name | 1509-1564. |
| 650 #0 - SUBJECT ADDED ENTRY--TOPICAL TERM | |
| Topical term or geographic name entry element | Calvinism. |
| 650 #0 - SUBJECT ADDED ENTRY--TOPICAL TERM | |
| Topical term or geographic name entry element | Reformed Church |
| General subdivision | Doctrines. |
| 650 #0 - SUBJECT ADDED ENTRY--TOPICAL TERM | |
| Topical term or geographic name entry element | Calvinism. |
| 650 #0 - SUBJECT ADDED ENTRY--TOPICAL TERM | |
| Topical term or geographic name entry element | Reformed Church |
| General subdivision | Doctrines. |
| 740 0# - ADDED ENTRY--UNCONTROLLED RELATED/ANALYTICAL TITLE | |
| Uncontrolled related/analytical title | Calvinism: six Stone-lectures. |
| 942 ## - ADDED ENTRY ELEMENTS (KOHA) | |
| Source of classification or shelving scheme | Dewey Decimal Classification |
| Koha item type | Books |
| Withdrawn status | Lost status | Source of classification or shelving scheme | Damaged status | Not for loan | Collection code | Home library | Current library | Shelving location | Date acquired | Cost, normal purchase price | Total Checkouts | Full call number | Barcode | Date last seen | Price effective from | Koha item type |
|---|---|---|---|---|---|---|---|---|---|---|---|---|---|---|---|---|
| Dewey Decimal Classification | Non-fiction | Harvest Mission College | Harvest Mission College | General Stacks | 17.12.2018 | 360.00 | 230.4 K97L | 005560 | 17.12.2018 | 17.12.2018 | Books |
